|
|
|
|
| LEADER |
00000nkm a2200000 a 4500 |
| 001 |
vtls011993734 |
| 003 |
SK-MaSNL |
| 005 |
20260331212031.0 |
| 007 |
kf co |
| 008 |
231121q1974 xr g k|slo |
| 015 |
|
|
|a SNBG1974
|
| 035 |
|
|
|a urn:nbn:sk:snk-km00fdjc
|
| 035 |
|
|
|a urn:nbn:sk:snk-km45trx
|
| 035 |
|
|
|a 0679D434-936A-475B-8DA8-ADC85B0732C5
|
| 040 |
|
|
|a SNK
|b slo
|c SNK
|e AACR2
|
| 041 |
0 |
|
|a slo
|
| 043 |
|
|
|a e-xo---
|
| 044 |
|
|
|a xr
|c CZ
|
| 072 |
|
7 |
|a 913
|x Regionálna geografia
|2 konspekt
|
| 080 |
|
|
|a 913(437.6)
|2 2011
|
| 080 |
|
|
|a (084.121)
|2 2011
|
| 080 |
|
|
|a 640.412
|2 2011
|
| 080 |
|
|
|a 711.582
|2 2011
|
| 080 |
|
|
|a 725.511
|2 2011
|
| 100 |
1 |
|
|a Šťastný, Jozef,
|d 1936-
|4 pht
|9 7817
|
| 245 |
1 |
0 |
|a Veľký Krtíš
|h grafika
|c Foto J. Šťastný
|
| 246 |
1 |
|
|i Názov na obrazovej časti:
|a Veľký Krtíš
|
| 260 |
|
|
|a Praha
|b Orbis
|c [1974?]
|e Velký Šenov
|f Severografia
|
| 300 |
|
|
|a 1 pohľadnica (5 čiastkových pohľadov)
|b farebná
|c 11 x 15 cm
|
| 500 |
|
|
|a Foto © J. Šťastný
|
| 520 |
8 |
|
|a Zobrazenie: Pohľady na dominanty Veľkého Krtíša: hotel Dolina, nemocnicu, sídlisko a staré mesto
|
| 610 |
2 |
7 |
|a Hotel Dolina (Veľký Krtíš, Slovensko)
|2 SNKKA
|9 365030
|
| 650 |
0 |
7 |
|a hotely
|2 SNKPH
|9 18422
|
| 650 |
0 |
7 |
|a sídliská
|2 SNKPH
|9 26585
|
| 650 |
0 |
7 |
|a nemocnice
|2 SNKPH
|9 3008
|
| 651 |
|
7 |
|a Veľký Krtíš (Slovensko)
|2 SNKPHgeo
|9 31390
|
| 655 |
|
7 |
|a miestne pohľadnice
|2 SNKPH
|9 70510
|
| 852 |
|
|
|a Slovenská národná knižnica
|
| 958 |
|
|
|a GBN
|
| 958 |
|
|
|a OND
|
| 958 |
|
|
|a GC
|
| 958 |
|
|
|a EUIPO
|
| 999 |
|
|
|c 609513
|d 611443
|
| 952 |
|
|
|a SNK
|b SNK
|y PREZ
|7 0
|p 17A1378092
|o snkSP 73369
|z Pohľadnica prešla poštou.
|0 0
|1 0
|4 0
|d 2020-09-23
|f 1
|l 0
|r 2026-02-23 16:19:28
|w 2026-02-23
|